[Event "Challenge"]
[Site "http://www.queenalice.com/game.php?id=82212"]
[Date "2006.7.3"]
[Round "-"]
[White "Lucas12"]
[Black "ocean1"]
[Result "1-0"]
[WhiteElo "1579"]
[BlackElo "1053"]

1. e3 d6 2. Qf3 Qd7 3. Bc4 e6 4. Nh3 Be7 5. b3 Nc6 6. Bb2 Nb4 7. Qe4 Nh6 8. Bxg7
Rg8 9. Qxh7 f5 10. Qxh6 Nxc2+ 11. Kd1 Nxa1 12. Qh7 Kf7 13. Bh6+ Ke8 14. Qxg8+
Bf8 15. Qxf8# 1-0

[Event "Challenge"]
[Site "http://www.queenalice.com/game.php?id=82410"]
[Date "2006.7.4"]
[Round "-"]
[White "Lucas12"]
[Black "EdTupan"]
[Result "0-1"]
[WhiteElo "1595"]
[BlackElo "1272"]

1. e3 e5 2. g3 Bc5 3. Bc4 Nf6 4. Nh3 d5 5. Bb3 Bxh3 6. Nc3 Nc6 7. Na4 Bg4 8.
Nxc5 Bxd1 9. Kxd1 Ne4 10. Rf1 Nxc5 11. d3 e4 12. dxe4 dxe4+ 13. Ke1 Nb4 14. Bd2
Nxb3 15. axb3 Nxc2+ 16. Ke2 Qd3+ 17. Kd1 Nxa1 18. Ke1 O-O-O 19. Bb4 Qd1# 0-1

[Event "AUTO-INT-108"]
[Site "http://www.queenalice.com/game.php?id=82844"]
[Date "2006.7.5"]
[Round "1"]
[White "chemy204"]
[Black "Lucas12"]
[Result "1-0"]
[WhiteElo "1572"]
[BlackElo "1506"]

1. e4 e6 2. Nf3 g6 3. e5 Bg7 4. d4 b6 5. Nc3 Bb7 6. Bg5 f6 7. exf6 Nxf6 8. Qe2
h6 9. Bh4 g5 10. Bg3 Ba6 11. Qe5 Nc6 12. Qxc7 Qxc7 13. Bxc7 O-O 14. Bxa6 Nb4 15.
Bd3 Ng4 16. h3 Nf6 17. Be5 Rac8 18. a3 Nc6 19. O-O-O d6 20. Bxd6 Rfd8 21. Be5 a5
22. Ba6 Ra8 23. Bb7 Rac8 24. Bxc8 Rxc8 25. d5 exd5 26. Nxd5 Ne4 27. Rhf1 Nxe5
28. Ne7+ Kf7 29. Nxc8 Nc4 30. Rd7+ Kg6 31. Nd2 Nexd2 32. Rxd2 Bxb2+ 33. Kd1 Bc3
34. Ne7+ Kh5 35. Rd3 Bf6 36. Ke2 Bxe7 37. a4 g4 38. Rd5+ Kh4 39. hxg4 Kxg4 40.
Rd4+ Kh5 41. Rxc4 Bg5 42. Rh1+ Kg6 43. Rc6+ Kf7 44. Rxb6 Bd8 45. Rbxh6 Bg5 46.
Ra6 Bd8 47. Rh7+ Ke8 48. Ra8 Kf8 49. c4 Kg8 50. Rb7 Kh8 51. Rxd8# 1-0

[Event "AUTO-INT-108"]
[Site "http://www.queenalice.com/game.php?id=82845"]
[Date "2006.7.5"]
[Round "1"]
[White "Lucas12"]
[Black "chemy204"]
[Result "0-1"]
[WhiteElo "1589"]
[BlackElo "1537"]

1. e3 e5 2. Qf3 Nf6 3. Nh3 h6 4. b3 e4 5. Qe2 d5 6. Bb2 Bg4 7. f3 exf3 8. gxf3
Bf5 9. Na3 a6 10. Nf4 Nc6 11. Bh3 Bxh3 12. Nxh3 Qd7 13. Qg2 Nb4 14. O-O Bd6 15.
Qxg7 Rg8 16. Bxf6 Rxg7+ 17. Bxg7 Qxh3 18. Kf2 Qxh2+ 19. Ke1 Qg3+ 20. Rf2 Qxg7
21. c3 Nd3+ 22. Ke2 Nxf2 23. Kxf2 Qg3+ 24. Ke2 Bxa3 25. Re1 Qg2+ 26. Kd3 Qxf3
27. Re2 O-O-O 28. c4 dxc4+ 29. Kxc4 Qc6# 0-1

[Event "AUTO-INT-108"]
[Site "http://www.queenalice.com/game.php?id=82870"]
[Date "2006.7.5"]
[Round "1"]
[White "voodoo_chile"]
[Black "Lucas12"]
[Result "1-0"]
[WhiteElo "1732"]
[BlackElo "1589"]

1. b4 e6 2. b5 Qf6 3. d4 Nh6 4. Nf3 b6 5. e4 Ng4 6. h3 Nh6 7. e5 Qe7 8. Ba3 Qd8
9. Nc3 Bxa3 10. g4 Bb7 11. g5 Nf5 12. Bg2 h6 13. h4 hxg5 14. hxg5 O-O 15. Qd3 c6
16. Ne4 Bb2 17. Nd6 Nxd6 18. Qh7# 1-0

[Event "AUTO-INT-108"]
[Site "http://www.queenalice.com/game.php?id=82871"]
[Date "2006.7.5"]
[Round "1"]
[White "Lucas12"]
[Black "voodoo_chile"]
[Result "1-0"]
[WhiteElo "1559"]
[BlackElo "1896"]

1. e3 e5 2. g3 d5 3. Nh3 c5 4. Bb5+ Nc6 5. Bf1 f5 6. f4 Nf6 7. Bg2 e4 8. b3 Bd6
9. Na3 h6 10. Bb2 Be6 11. O-O a6 12. g4 O-O 13. g5 Ng4 14. Qe1 Qa5 15. gxh6 gxh6
16. d3 Qd8 17. Qc3 d4 18. exd4 cxd4 19. Qd2 e3 20. Qe1 Rf7 21. Nc4 Bc7 22. c3
1-0

[Event "Challenge"]
[Site "http://www.queenalice.com/game.php?id=88856"]
[Date "2006.7.23"]
[Round "-"]
[White "Kensho"]
[Black "Lucas12"]
[Result "1-0"]
[WhiteElo "1429"]
[BlackElo "1559"]

1. c4 e6 2. Nf3 Qf6 3. Nc3 b6 4. g3 Bb4 5. Bg2 Bb7 6. O-O Nc6 7. b3 O-O-O 8. Bb2
Nd4 9. d3 d5 10. e3 Nc6 11. d4 dxc4 12. bxc4 Na5 13. Qd3 Bxf3 14. Bxf3 Qxf3 15.
a3 Bd6 16. c5 bxc5 17. Qa6+ Kd7 18. Qxa5 Rb8 19. Qa4+ c6 20. Qxa7+ 1-0

[Event "AUTO-INT-255"]
[Site "http://www.queenalice.com/game.php?id=133265"]
[Date "2006.11.24"]
[Round "1"]
[White "davividal"]
[Black "Lucas12"]
[Result "0-1"]
[WhiteElo "1703"]
[BlackElo "1507"]

1. f4 e6 2. Nf3 b6 3. e3 Bb7 4. b3 Qf6 5. Nc3 Na6 6. Bb2 Nb4 7. Rb1 Qg6 8. d3
Nh6 9. Ne5 Qh5 10. Qxh5 g6 11. Nxg6 fxg6 12. Qe5 Nf7 13. Qd4 O-O-O 14. e4 Nxc2+
15. Kd2 Nxd4 16. Ne2 Bb4+ 17. Kd1 Nb5 18. Bxh8 Rxh8 19. g4 Nh6 20. h3 Rf8 21.
Bg2 e5 22. fxe5 Rf2 23. Rg1 Nc3+ 24. Nxc3 Bxc3 25. a4 c5 26. Bf1 Rd2+ 27. Kc1
Nf7 28. b4 Nxe5 29. Rg3 Rf2 30. Rg1 Nf3 31. Rh1 cxb4 0-1

[Event "AUTO-INT-255"]
[Site "http://www.queenalice.com/game.php?id=133266"]
[Date "2006.11.24"]
[Round "1"]
[White "Lucas12"]
[Black "davividal"]
[Result "0-1"]
[WhiteElo "1493"]
[BlackElo "1569"]

1. e3 e5 2. Qf3 Nf6 3. Bc4 d5 4. Be2 Bd6 5. d3 e4 6. dxe4 dxe4 7. Qxf6 Qxf6 8.
f3 exf3 9. gxf3 Qh4+ 10. Kd2 Bf5 11. e4 Bf4+ 12. Kc3 Qf6+ 13. Kd3 Qd6+ 14. Kc3
Be5+ 15. Kb3 Qb6+ 16. Kc4 Qd4+ 17. Kb3 Be6+ 18. Ka3 Bd6+ 19. b4 Qxb4# 0-1

[Event "AUTO-INT-255"]
[Site "http://www.queenalice.com/game.php?id=133285"]
[Date "2006.11.24"]
[Round "1"]
[White "Lucas12"]
[Black "toguints"]
[Result "1-0"]
[WhiteElo "1531"]
[BlackElo "1583"]

1. e3 Nf6 2. b3 g6 3. Bb2 Bg7 4. Qf3 O-O 5. Nh3 Nc6 6. Ng5 h6 7. Ne4 Nxe4 8.
Bxg7 Ng5 9. Qg3 Kxg7 10. Nc3 e6 11. f4 Nh7 12. Bd3 e5 13. fxe5 f6 14. Qxg6+ 1-0

[Event "AUTO-INT-255"]
[Site "http://www.queenalice.com/game.php?id=133286"]
[Date "2006.11.24"]
[Round "1"]
[White "toguints"]
[Black "Lucas12"]
[Result "1-0"]
[WhiteElo "1584"]
[BlackElo "1555"]

1. e4 e6 2. d4 d5 3. c3 dxe4 4. Nd2 Nf6 5. Qe2 g6 6. Nxe4 Nc6 7. Bg5 Bg7 8. Nf3
b6 9. Ne5 Qd5 10. Nxf6+ Bxf6 11. Bxf6 O-O 12. Nxc6 Qxc6 13. Rg1 b5 14. Be5 f6
15. Bf4 Ba6 16. g3 Qb6 17. O-O-O b4 18. Qc2 Rab8 19. Bxa6 Qxa6 20. Bxc7 Rb5 21.
Qd3 Qb7 22. c4 Qxc7 23. Kb1 Rb7 24. Rge1 Rd8 25. Rxe6 Rb6 26. Re4 Rdb8 27. c5
Ra6 28. Qxa6 b3 29. axb3 Rxb3 30. Qc4+ Qf7 31. Qxf7+ Kxf7 32. c6 Rb8 33. d5 f5
34. Re6 a5 35. Rde1 Kf8 36. Re8+ Rxe8 37. Rxe8+ Kxe8 38. d6 Kd8 39. Kc2 h5 40.
Kc3 g5 41. Kd4 Ke8 42. Ke5 a4 43. Ke6 a3 44. bxa3 f4 45. c7 fxg3 46. c8=Q# 1-0